000 00652nam a2200253Ia 4500
003 OSt
005 20221007104932.0
006 a|||||r|||| 00| 0
007 ta
008 221006b |||||||| |||| 00| 0 eng d
024 _a17,144
037 _cTextual
040 _aLCO
_cLCO
_beng
041 _2eng
_aeng
082 _aZ2,4, L7
100 _aArmour L.A.J
_9706386
245 0 _aCases in Tort
260 _aBungay
_bMacdonald and Evans Great Britain
_c1977
300 _a332
650 _aTORT
_9690780
700 _a Samuel G.H
_9706387
942 _hZ2,4, L7
_cTEXL
999 _c1186707
_d1186707